000 00750nam a22002890a 4500
001 PT40233
003 AR-LpoUNG
005 20250228135643.0
008 191001s2011||||ag |||||||||||||||||spa d
020 _a9789870401100
_c$7
040 _aAR-LpoUNG
_bspa
_cAR-LpoUNG
_eaacr
041 0 _aspa
044 _aag
082 0 _a808.068 3 386vis
100 1 _aSchujer, Silvia
245 1 4 _aLas visitas
250 _a3ra. ed., 10ma. reimpr.
260 _aBuenos Aires :
_bAlfaguara,
_c2011.
300 _a94 p. :
_bil.
505 0 _aSugerido a partir de 12 aƱos (etiqueta FUCSIA)
650 4 _aCUENTOS
650 4 _aLITERATURA
653 0 _aLITERATURA INFANTIL
700 1 _aBernasconi, Pablo
_eil.
905 _a40233
942 _cLIB
_2ddc
999 _c5770
_d5770